<?xml version="1.0" encoding="UTF-8"?>
<marc:record xmlns:marc="http://www.loc.gov/MARC21/slim">
   <marc:leader>00000nam a2200000 a 4500</marc:leader>
   <marc:datafield ind1="1" ind2=" " tag="100">
      <marc:subfield code="a">Funke, Cornelia</marc:subfield>
      <marc:subfield code="4">aut</marc:subfield>
      <marc:subfield code="e">Verfasser/-in</marc:subfield>
   </marc:datafield>
   <marc:datafield ind1="0" ind2="0" tag="245">
      <marc:subfield code="a">Ein Engel in der Nacht</marc:subfield>
   </marc:datafield>
   <marc:datafield ind1="0" ind2="0" tag="245">
      <marc:subfield code="c">Cornelia Funke ; Mehrdad Zaeri</marc:subfield>
   </marc:datafield>
   <marc:datafield ind1=" " ind2="1" tag="264">
      <marc:subfield code="a">Frankfurt am Main</marc:subfield>
      <marc:subfield code="b">FISCHER Sauerländer</marc:subfield>
      <marc:subfield code="c">2022</marc:subfield>
   </marc:datafield>
   <marc:datafield ind1="1" ind2=" " tag="520">
      <marc:subfield code="a">Angaben aus der Verlagsmeldung

Ein Engel in der Nacht : Ein poetisches Märchen / von Cornelia Funke

Bestsellerautorin Cornelia Funke trifft Mehrdad Zaeri

In der Stille und Dunkelheit der Nacht kniet ein Mädchen ganz allein am Rande eines Teiches. Sie ist jung und sher, sehr schön, doch ihr Herz ist in tausend Stücke zerbrochen. Es scheint, als ob etwas Zauberei nötig ist, um die Traurigkeit in ihrem Herzen zu schmelzen. Ein Engel, eine Hexe und ein Rabe nehmen sich ihrer an und helfen, ihr Herz zu heilen.

Ein poetisches Märchen darüber, dass auch nach der längsten und dunkelsten Nacht ein neuer Morgen kommt.

</marc:subfield>
   </marc:datafield>
   <marc:datafield ind1=" " ind2=" " tag="020">
      <marc:subfield code="a">9783737359054</marc:subfield>
      <marc:subfield code="9">9783737359054</marc:subfield>
   </marc:datafield>
   <marc:datafield ind1=" " ind2=" " tag="020">
      <marc:subfield code="a">3737359059</marc:subfield>
      <marc:subfield code="9">3737359059</marc:subfield>
   </marc:datafield>
   <marc:datafield ind1=" " ind2=" " tag="041">
      <marc:subfield code="a">ger</marc:subfield>
   </marc:datafield>
   <marc:datafield ind1=" " ind2=" " tag="300">
      <marc:subfield code="a">48 ungezählte Seiten</marc:subfield>
   </marc:datafield>
</marc:record>
